| 000 | 00440nam a2200181Ia 4500 | ||
|---|---|---|---|
| 001 | 12719 | ||
| 005 | 20260306163002.0 | ||
| 008 | 260306t1974||||xx |||||||||||||| ||spa|| | ||
| 041 | _aESP | ||
| 082 |
_aHR 720 _bN° 2 AVD |
||
| 100 |
_aLópez M., Carlos A., _eAUT |
||
| 245 | 0 | _aArquitectura vivienda y decoración | |
| 260 | _c1974 | ||
| 300 |
_a96 páginas : _c29 cm. |
||
| 650 | _aGEN | ||
| 654 | _aCAU | ||
| 942 |
_cREV _dJUS _fJUS _2ddc _n |
||
| 999 |
_c12719 _d12719 |
||